| 000 | 00517nam a2200145Ia 4500 | ||
|---|---|---|---|
| 008 | 230917s9999||||xx |||||||||||||| ||und|| | ||
| 040 |
_e162850 _aMAIN |
||
| 041 | _aEnglish | ||
| 082 | _a891.4317109 BD469:MM | ||
| 100 | _aमलिक, माया | ||
| 245 | 0 | _aधर्मवीर भारती के काव्य में अनुभूति और अभिव्यक्ति | |
| 260 |
_aदिल्ली _bसंजय प्रकाशन _c2006 |
||
| 300 | _a557 पृ. p. | ||
| 942 | _cHN | ||
| 999 |
_c144193 _d144193 |
||